Capitals with Shortest Names - One Minute Sprint - Statistics

General Stats
  • This quiz has been taken 614 times
  • The average score is 13 of 36
Answer Stats
Capital % Correct
Oslo
62%
Rome
57%
Lima
56%
Apia
53%
Juba
53%
Quito
52%
Riga
52%
Doha
49%
Suva
48%
Dili
46%
Paris
46%
Bern
45%
Lomé
44%
Yaren
44%
Accra
43%
Cairo
42%
Baku
40%
Kiev
40%
Malé
39%
Abuja
36%
Vaduz
33%
Dhaka
31%
Tokyo
31%
Dakar
30%
Hanoi
28%
Minsk
27%
Amman
25%
Sana'a
23%
Seoul
22%
Tunis
22%
Praia
20%
Kabul
18%
Rabat
17%
La Paz
12%
Sofia
12%
Sucre
11%
No matching quizzes found
Score Distribution
Percent of People with Each Score
Percentile by Number Answered
Your Score History
You have not taken this quiz